Online
Catalog
Normal view MARC view

Entry Nombre corporativo

Number of records used in: 25

001 - NÚMERO DE CONTROL

  • campo de control: 56602

003 - IDENTIFICADOR DEL NÚMERO DE CONTROL

  • campo de control: DO-SdBNP

005 - FECHA Y HORA DE LA ÚLTIMA TRANSACCIÓN

  • campo de control: 20240318114638.0

008 - DATOS DE LONGITUD FIJA

  • campo de control de longitud fija: 200615|| aca||aabn | a|a d

010 ## - NÚMERO DE CONTROL DE LA BIBLIOTECA DEL CONGRESO

  • Número de control de LC: n 82118349‏
  • Número de control de LC cancelado o no válido: n 86062411

040 ## - FUENTE DE LA CATALOGACIÓN

  • Centro catalogador/agencia de origen: DO-SdBNP
  • Lengua de catalogación: spa
  • Centro/agencia transcriptor: BNPHU

110 2# - ENCABEZAMIENTO-NOMBRE DE ENTIDAD CORPORATIVA

  • Nombre de entidad corporativa o nombre de jurisdicción como elemento de entrada: Asociación Dominicana Pro Bienestar de la Familia

410 2# - TRAZADO DE VÉASE--NOMBRE DE ENTIDAD CORPORATIVA

  • Nombre de entidad corporativa o nombre de jurisdicción como elemento de entrada: A.D.P.B.F

410 2# - TRAZADO DE VÉASE--NOMBRE DE ENTIDAD CORPORATIVA

  • Nombre de entidad corporativa o nombre de jurisdicción como elemento de entrada: ADPBF

410 2# - TRAZADO DE VÉASE--NOMBRE DE ENTIDAD CORPORATIVA

  • Nombre de entidad corporativa o nombre de jurisdicción como elemento de entrada: PROFAMILIA

410 2# - TRAZADO DE VÉASE--NOMBRE DE ENTIDAD CORPORATIVA

  • Nombre de entidad corporativa o nombre de jurisdicción como elemento de entrada: P.R.O.F.A.M.I.L.I.A.

410 2# - TRAZADO DE VÉASE--NOMBRE DE ENTIDAD CORPORATIVA

  • Nombre de entidad corporativa o nombre de jurisdicción como elemento de entrada: Asociación Pro-Bienestar de la Familia (República Dominicana)

670 ## - FUENTE DE DATOS ENCONTRADOS

  • Cita de la fuente: Work cat.: (OSt)29342: Hablemos :, 1999.

670 ## - FUENTE DE DATOS ENCONTRADOS

  • Cita de la fuente: Seminario sobre la Prostitución (1978? : Santo Domingo, República Dominicana). Seminario sobre ... 1978 (a.e.)‏
  • Información encontrada: (ADPBF, Santo Domingo) p. 10 (Asociación Dominicana Pro Bienestar de la Familia)

670 ## - FUENTE DE DATOS ENCONTRADOS

  • Cita de la fuente: Ramírez, N. Población y mano de obra en la República Dominicana, 1983

Powered by Koha